Pertandingan KMK Peringkat Kebangsaan 1996 pada 14/11/96 (2Vol) [video recording]

Bibliographic Details
Format: Book
Published: Bangi : Insepn , 1996
Subjects:

MARC

LEADER 00000cam a2200000 7i4500
001 0000004822
005 20061205.0
040 |a INS 
090 0 0 |a HD66 1996 
245 0 0 |a Pertandingan KMK Peringkat Kebangsaan 1996 pada 14/11/96 (2Vol) [video recording] 
260 |a Bangi :   |b Insepn ,   |c 1996 
300 |a 2 Video cassette (VHS) (3:00) (0:35) :   |b sd., col. ;   |c 1/2 in. 
650 0 0 |a Teams in the workplace 
999 |a VHS677*   |b VIDEO   |c Map Collection   |e Default branch 
999 |a VHS677   |b VIDEO   |c Media Collection   |e Default branch